[Event "Quebec-ch U10"]
[Site "Montreal"]
[Date "2009.11.27"]
[Round "1"]
[White "Wang, Kelly"]
[Black "Brichko, Kate"]
[Result "1-0"]
[WhiteElo "1531"]
[BlackElo "936"]
[PlyCount "99"]
[EventDate "2009.11.27"]
[EventType "swiss"]
[EventRounds "5"]
[EventCountry "CAN"]
[SourceTitle "EXT 2011"]
[Source "ChessBase"]
[SourceDate "2010.11.26"]
[SourceVersion "1"]
[SourceVersionDate "2010.11.26"]
[SourceQuality "1"]

1. e4 e5 2. Nf3 Nc6 3. Bc4 Bc5 4. c3 d6 5. d4 Bb6 6. 0-0 Nf6 7. Bg5 h6 8. Bxf6 Qxf6 9. d5 Ne7 10. Nbd2 0-0 11. h3 Qg6 12. Kh1 Qh5 13. Nh2 Qg6 14. Qf3 Qg5 15. Rad1 Ng6 16. Qg3 Qf6 17. b4 a6 18. Be2 Nf4 19. Bg4 h5 20. Bxc8 Ne2 21. Qf3 Nf4 22. Bxb7 Ra7 23. Bc6 Qg6 24. a4 f5 25. a5 fxe4 26. Qxe4 Qg5 27. axb6 cxb6 28. Rg1 Ng6 29. Nhf3 Qh6 30. Qe3 Nf4 31. Qxb6 Raf7 32. Qe3 Re7 33. Ne4 h4 34. Ra1 Qh5 35. Nfg5 Ng6 36. Ne6 Rf5 37. Nxd6 Rf6 38. Ne4 Rf5 39. N6c5 Nf4 40. d6 Ra7 41. d7 Rf8 42. Rad1 Nxg2 43. Kxg2 Qg6+ 44. Kh2 Qxc6 45. d8Q Rxd8 46. Rxd8+ Kh7 47. Ng5+ Kh6 48. Nf7+ Kh5 49. Rh8+ Qh6 50. Rxh6+ 1-0

[Event "CAN-ch U08 Girls"]
[Site "Quebec"]
[Date "2008.07.14"]
[Round "1"]
[White "MacInnis, Maggie Rose"]
[Black "Brichko, Kate"]
[Result "1-0"]
[WhiteElo "910"]
[BlackElo "816"]
[PlyCount "79"]
[EventDate "2008.07.14"]
[EventType "swiss"]
[EventRounds "7"]
[EventCountry "CAN"]
[SourceTitle "EXT 2011"]
[Source "ChessBase"]
[SourceDate "2010.11.26"]
[SourceVersion "1"]
[SourceVersionDate "2010.11.26"]
[SourceQuality "1"]

1. e4 e5 2. Nf3 Nc6 3. Bb5 a6 4. Ba4 Nf6 5. 0-0 Bc5 6. Nc3 d5 7. d3 d4 8. Nd5 Nxd5 9. exd5 Qxd5 10. Re1 Bg4 11. h3 Bxf3 12. Qxf3 Qxf3 13. gxf3 h5 14. Rxe5+ Kf8 15. Rxc5 Re8 16. Bg5 b5 17. Bb3 f6 18. Bf4 g5 19. Bh2 g4 20. Rxc6 gxh3 21. Rxc7 Rg8+ 22. Kf1 Rg2 23. Bd6+ Re7 24. Bxe7+ Kg7 25. Bb4+ Kg6 26. Bf7+ Kg5 27. Bd2+ Kh4 28. Bd5 Rg5 29. Bxg5+ Kxg5 30. Rg7+ Kh6 31. Ra7 h2 32. Ke2 Kg5 33. f4+ Kg4 34. Rg7+ Kh3 35. Kf3 Kh4 36. Rh1 Kh3 37. b4 f5 38. a3 h4 39. Be6 a5 40. Bxf5# 1-0